| 000 | 00535nam a2200193Ia 4500 | ||
|---|---|---|---|
| 999 |
_c33742 _d33742 |
||
| 003 | OSt | ||
| 005 | 20200916150146.0 | ||
| 008 | 190216s9999||||xx |||||||||||||| ||und|| | ||
| 020 | _a9798173194312 | ||
| 040 | _coclc | ||
| 082 |
_a537 _bGHO/E |
||
| 100 |
_aGhosh, S N _94642 |
||
| 245 | 0 |
_aElectromagnetic Theory And Wave Propagation / _cS N Ghosh |
|
| 250 | _a2nd Ed. | ||
| 260 |
_bNarosa Publishing, _c2002. _aNew Delhi: |
||
| 300 | _a259p | ||
| 650 | _aPhysics | ||
| 942 |
_cBK _2ddc _h537 _iGHO/E _k537 _mGHO/E |
||